The 21st century economy : (Record no. 4105)

MARC details
000 -LEADER
fixed length control field 02989cam a2200385 a 4500
001 - CONTROL NUMBER
control field 4105
003 - CONTROL NUMBER IDENTIFIER
control field FISKH
005 - DATE AND TIME OF LATEST TRANSACTION
control field 20240606162437.0
008 - FIXED-LENGTH DATA ELEMENTS--GENERAL INFORMATION
fixed length control field 240606b cb ||||| |||| 00| 0 eng d
010 ## - LIBRARY OF CONGRESS CONTROL NUMBER
LC control number 2008041554
020 ## - INTERNATIONAL STANDARD BOOK NUMBER
International Standard Book Number 9780307387905
020 ## - INTERNATIONAL STANDARD BOOK NUMBER
International Standard Book Number 0307387909
035 ## - SYSTEM CONTROL NUMBER
System control number (OCoLC)ocn232980470
040 ## - CATALOGING SOURCE
Original cataloging agency DLC
Transcribing agency DLC
Modifying agency BTCTA
-- YDXCP
-- ZHB
-- ILC
-- IK2
-- KUA
-- CDX
-- WIM
-- VP@
-- CQU
-- DLC
Language of cataloging eng
050 00 - LIBRARY OF CONGRESS CALL NUMBER
Classification number HG3881
Item number .E568 2009
082 00 - DEWEY DECIMAL CLASSIFICATION NUMBER
Classification number 330.9
Edition number 22
100 1# - MAIN ENTRY--PERSONAL NAME
Personal name Epping, Randy Charles.
245 14 - TITLE STATEMENT
Title The 21st century economy :
Remainder of title a beginner's guide : with 101 easy-to-learn tools for surviving and thriving in the new global marketplace /
Statement of responsibility, etc. Randy Charles Epping.
246 3# - VARYING FORM OF TITLE
Title proper/short title Twenty-first century economy
250 ## - EDITION STATEMENT
Edition statement 1st Vintage Books ed.
260 ## - PUBLICATION, DISTRIBUTION, ETC.
Place of publication, distribution, etc. New York :
Name of publisher, distributor, etc. Vintage Books,
Date of publication, distribution, etc. 2009.
300 ## - PHYSICAL DESCRIPTION
Extent xii, 316 pages :
Other physical details maps ;
Dimensions 21 cm
505 00 - FORMATTED CONTENTS NOTE
Title What is the fusion economy? --
-- What is macroeconomics? --
-- Central banks and global crisis-- who really controls the global economy? --
-- Free trade or isolationism-- how can trade wars be avoided in the 21st century? --
-- Money, money, money-- how do currencies work in the new global economy? --
-- Rage against the machine-- why the big fuss over globalization? --
-- What is the virtual economy? --
-- Getting our share-- how do we invest in the new global economy? --
-- Winners and losers-- how do we compare investments in the 21st century economy? --
-- Private equity and public good-- who really controls the companies of the world? --
-- Corporate governance and corporate greed-- how are businesses managed in the 21st century economy? --
-- Hedge funds and derivative traders-- the wild cards of the new global economy? --
-- Income gaps and development-- what can be done to eliminate poverty in the 21st century? --
-- Drugs, slavery, and shady deals-- the illegal economy of the 21st century --
-- What is the best economic system for the 21st century? --
-- Outsourcing and immigration-- how have demographics transformed the world economy? --
-- What is the green economy? --
-- Health, development, and global pandemics-- how has public health become a major factor in the global economy? --
Miscellaneous information Epilogue.
520 ## - SUMMARY, ETC.
Summary, etc. With recent economic turmoil monopolizing the headlines, it has become more important than ever to understand fundamental economic terms and concepts.
650 #0 - SUBJECT ADDED ENTRY--TOPICAL TERM
Topical term or geographic name entry element International finance.
650 #0 - SUBJECT ADDED ENTRY--TOPICAL TERM
Topical term or geographic name entry element Economic history
Chronological subdivision 21st century.
650 #0 - SUBJECT ADDED ENTRY--TOPICAL TERM
Topical term or geographic name entry element Globalization.
650 #0 - SUBJECT ADDED ENTRY--TOPICAL TERM
Topical term or geographic name entry element International trade.
856 42 - ELECTRONIC LOCATION AND ACCESS
Materials specified Contributor biographical information
Uniform Resource Identifier <a href="http://www.loc.gov/catdir/enhancements/fy1002/2008041554-b.html">http://www.loc.gov/catdir/enhancements/fy1002/2008041554-b.html</a>
856 42 - ELECTRONIC LOCATION AND ACCESS
Materials specified Publisher description
Uniform Resource Identifier <a href="http://www.loc.gov/catdir/enhancements/fy1002/2008041554-d.html">http://www.loc.gov/catdir/enhancements/fy1002/2008041554-d.html</a>
856 41 - ELECTRONIC LOCATION AND ACCESS
Materials specified Sample text
Uniform Resource Identifier <a href="http://www.loc.gov/catdir/enhancements/fy1002/2008041554-s.html">http://www.loc.gov/catdir/enhancements/fy1002/2008041554-s.html</a>
906 ## - LOCAL DATA ELEMENT F, LDF (RLIN)
a 7
b cbc
c orignew
d 1
e ecip
f 20
g y-gencatlg
942 ## - ADDED ENTRY ELEMENTS (KOHA)
Source of classification or shelving scheme Dewey Decimal Classification
Koha item type Books
Suppress in OPAC No
Holdings
Withdrawn status Lost status Source of classification or shelving scheme Damaged status Not for loan Collection Home library Current library Shelving location Date acquired Total Checkouts Full call number Barcode Date last seen Date last checked out Price effective from Koha item type
    Dewey Decimal Classification     Non-Fiction Footprints International School Library Network Toul Kork Campus Footprints International School Library Network Toul Kork Campus TK New Addition Display Table 06/06/2024 1 EPP 330.9 HG3881.E568 2024-0830 10/16/2025 09/18/2025 06/06/2024 Books